| 000 | 00649nam a2200229 a 4500 | ||
|---|---|---|---|
| 001 | 12725 | ||
| 003 | BD-JhCC | ||
| 005 | 20230520093227.0 | ||
| 008 | 230509s2020 ii 000 1 eng d | ||
| 020 | _a9788175994546 | ||
| 035 | _a2527298 | ||
| 040 |
_aANL _beng _cANL _dANL:NR _dBD-JhCC |
||
| 082 | 0 | 4 |
_a823/.912 _bJOY 2020 _219 |
| 100 | 1 |
_aJoyce, James, _d1882-1941. |
|
| 245 | 1 | 0 |
_aUlysses / _cby James Joyce. |
| 260 |
_aParis : _bPingerprints Classic, _c2020[reprint]. |
||
| 300 |
_a7996p. ; _c21cm. |
||
| 650 | 0 |
_aCity and town life _vFiction. |
|
| 655 | 7 |
_aEpic literature. _2gsaf. |
|
| 655 | 7 |
_aPsychological fiction. _2lcs. |
|
| 942 |
_2ddc _cBK |
||
| 999 |
_c12725 _d12725 |
||